Referentské rekviem

Bibliographic Details
Main Author: Zajac, Rudolf, 1951- (Author)
Format: Article
Language:Slovak
Subjects:

MARC

LEADER 00000nab a2200000 a 4500
001 vtls009350741
003 SK-MaSNL
005 20260304181750.0
008 140515c2008 xo wr|p|||||||000 b|slo
015 |a SNBRB2008/10  |2 snkbucl 
040 |a SNKBUCL  |b slo  |c SNKBUCL  |e AACR2 
041 0 |a slo 
044 |a xo  |c SK 
080 |a 338.46:614.2  |x (437.6)  |2 2001 
080 |a 354.53  |x (437.6)  |2 2001 
080 |a 614.2  |x (437.6)  |2 2001 
100 1 |a Zajac, Rudolf,  |d 1951-  |4 aut  |9 210957 
245 1 0 |a Referentské rekviem  |c Rudolf Zajac 
300 |b Fotogr. 
610 1 7 |a Slovensko.  |b Ministerstvo zdravotníctva  |2 snkbucl  |9 120432 
650 0 7 |a zdravotníctvo  |2 snkbucl  |9 1269 
650 0 7 |a vládna politika  |2 snkbucl  |9 29298 
651 7 |a Slovensko  |2 snkbucl 
655 7 |a kritiky  |2 snkbucl  |9 28608 
773 0 |t Týždeň  |g Roč. V, č.40 (2008), s. 74-81  |x 1336-5932 
852 |a SNK  |b KIS3GCP 
958 |a SK 
999 |c 3025821  |d 3027751